000 00307nam a2200121Ia 4500
008 210430s9999 xx 000 0 und d
082 _a301 G4531A
100 _aAnthony
_912343
245 _aSociology
_cAnthony
260 _aIslamabad
_bNational Book Foundation
_c1997
300 _a1094p
942 _cBK
_2ddc
999 _c562821
_d562821